000 00456nam a2200181Ia 4500
008 151202s9999||||xx |||||||||||||| ||und||
082 _bPNVM-30192
100 _aइनामदार ना.स.
245 _aझुंज.
260 _b---
260 _c0
300 _a0
600 _aइनामदार ना.स.
630 _aझुंज.
700 _aइनामदार ना.स.
730 _aझुंज.
942 _cBOOK
999 _c1296155
_d1296152